01082nam a22002297a 4500003000400000005001700004008004100021010001900062024001800081035001900099040001300118082001500131245010500146260004900251300005600300440003500356500007600391500009900467538013900566538012800705650001900833dpl20080911114410.0080911t xxu||||| |||| 00| 0 eng d aDVD-000472-474 2A3280c499.00 aDVD-000472-474 aDPLcDPL aDVD / SHAG aShaggy Dog :cWalt Disney Pictures Presentsh[videorecording] (DVD)/bTim Allen is Man's Best Friend aBurbank, CAbWalt Disney Home Entertainment a1 videodiscs (98 min.):bsd., col.;c4 3/4 in.fDVD aWalt Disney Home Entertainment aSole Distributor in India M/s Excel Productions Audio Visuals Pvt. Ltd. aBonus Features: Deleted Scenes, Woof There It is Music Video, Bark Along Music Video, Bloopers aDolby Digital 5.1-English,Spanish, Portguese, Thai, Subtitles-English, Thai, Indonesion, Chienese, Malay, Korean, Spanish, Pourtguese aAspect Ratio:1.85.1, Presentation Type: Wide Screne, Presentation Size 16x9, Formaton: DVD 9- Dual Layer Single sided Disc, 2Motion Picture